Lexique des sciences économiques, politiques et jurudiques : français, anglais, arabe (Record no. 44078)

MARC details
000 -LEADER
fixed length control field 00647 a2200253 4500
037 ## - SOURCE OF ACQUISITION
Stock number De 8228
100 ## - VEDETTE PRINCIPALE - NOM DE PERSONNE
Language of a work Fr
100 ## - VEDETTE PRINCIPALE - NOM DE PERSONNE
Language of a work En
100 ## - VEDETTE PRINCIPALE - NOM DE PERSONNE
Language of a work Ar
100 ## - VEDETTE PRINCIPALE - NOM DE PERSONNE
Personal name Benissad, M. E.
260 ## - PUBLICATION, DISTRIBUTION, ETC. (IMPRINT)
Name of publisher, distributor, etc Economica
260 ## - PUBLICATION, DISTRIBUTION, ETC. (IMPRINT)
Name of publisher, distributor, etc Office des Publications Universitaires
245 ## - TITLE STATEMENT
Title Lexique des sciences économiques, politiques et jurudiques : français, anglais, arabe
260 ## - PUBLICATION, DISTRIBUTION, ETC. (IMPRINT)
Place of publication, distribution, etc Paris
260 ## - PUBLICATION, DISTRIBUTION, ETC. (IMPRINT)
Place of publication, distribution, etc Alger
260 ## - PUBLICATION, DISTRIBUTION, ETC. (IMPRINT)
Date of publication, distribution, etc 1983
300 ## - PHYSICAL DESCRIPTION
Extent 258p.
300 ## - PHYSICAL DESCRIPTION
Other physical details 25cm
650 ## - SUBJECT ADDED ENTRY--TOPICAL TERM
Topical term or geographic name as entry element Economie : politique : droit : dictionnaire
630 ## - SUBJECT ADDED ENTRY--UNIFORM TITLE
Uniform title 33 - Economie - Economie politique
650 ## - SUBJECT ADDED ENTRY--TOPICAL TERM
Topical term or geographic name as entry element 3 - SCIENCES SOCIALES
Holdings
Withdrawn status Lost status Damaged status Not for loan Location (home branch) Sublocation or collection (holding branch) Date acquired Koha issues (times borrowed) Koha full call number Koha date last seen Price effective from Koha item type
        Bibliothèque Universitaire Centrale Bibliothèque Universitaire Centrale 28/02/2009   33/40 BEN 28/02/2009 28/02/2009 Livre


© 2008, Bibliothèques de l'Université d'Abomey-Calavi

04 BP 789 Cotonou, Tél. : +229 21 36 01 01, Fax : +229 21 35 06 32

Courriel : bu@bu.uac.bj